Les deuxièmes plus grandes villes dans le monde. - Statistiques

Statistiques générales
  • Ce quiz a été pris 141 fois
  • Le résultat moyen est 9 sur 15
Statistiques - réponses
Pays Villes % Correct
France Marseille
100%
Suisse Geneve
87%
Australie Melbourne
85%
Canada Montréal
85%
Brésil Sao Paulo
85%
Japon Osaka
82%
Grande Bretagne Birmingham
79%
Suède Goteborg
68%
Algérie Oran
66%
Colombie Medellin
63%
Nouvelle Zélande Christchurch
37%
Indonésie Surabaya
35%
Slovénie Maribor
29%
Kenya Mombasa
28%
Mali Gao
12%
Aucun quiz correspondant
Distribution des résultats
% des personnes avec chaque résultat
Percentile par nombre de réponses
Votre historique - résultats
Vous n’avez pas pris ce quiz